[Event "Euro Online U2300 Day 1"]
[Site "chess.com INT"]
[Date "2020.05.25"]
[Round "4"]
[White "Guliev, Logman"]
[Black "Ozenir, Ekin Baris"]
[Result "1/2-1/2"]
[WhiteTitle "IM"]
[BlackTitle "IM"]
[WhiteElo "2273"]
[BlackElo "2309"]
[WhiteFideId "13400061"]
[BlackFideId "6357415"]
[EventDate "2020.05.25"]

1. e4 Nc6 2. Nf3 d6 3. Nc3 Nf6 4. d4 g6 5. Be2 Bg7 6. O-O O-O 7. d5 Nb8 8. Re1
e5 9. dxe6 Bxe6 10. Bf4 Nc6 11. Qd2 Re8 12. Rad1 Nd7 13. Bg5 Qc8 14. h3 Nb6 15.
Bb5 a6 16. Bxc6 bxc6 17. Nd4 c5 18. Nxe6 Qxe6 19. b3 Qe5 20. Nd5 Nxd5 21. exd5
Qb2 22. c4 Qxd2 23. Bxd2 Kf8 24. Kf1 Re7 25. Ba5 Rc8 26. Rxe7 Kxe7 27. Ke2 Kd7
28. Kd3 Rb8 29. Re1 Bd4 30. f4 Bf6 31. g4 h6 32. Re4 Rh8 33. Ke2 Bd8 34. Kf3 h5
35. g5 Re8 36. h4 Rxe4 37. Kxe4 f5+ 38. gxf6 Bxf6 39. Be1 Ke8 40. f5 Kf7 41. Ba5
Bd8 42. Kf4 Kf6 43. Bc3+ Kf7 44. Be1 Kf6 45. fxg6 Kxg6 46. a3 Be7 47. Ba5 Bd8
48. b4 cxb4 49. axb4 Kf7 50. Kf5 Bxh4 51. Bxc7 Ke7 52. c5 Bg3 53. c6 h4 54. Kg4
Be1 55. Ba5 Ke8 56. Kh3 Ke7 57. Kg2 Ke8 58. Kh3 Ke7 59. Bb6 Bxb4 60. Kxh4 a5 61.
Bd4 a4 62. Kg4 a3 63. Kf3 Bc5 64. Bh8 Kd8 65. Ke2 Kc7 66. Kd3 Kc8 67. Kc4 Kc7
68. Kb3 Kb6 69. Bc3 Ka6 70. Bd2 Bb6 71. Kxa3 Kb5 72. Kb3 Kc5 73. Bb4+ Kxd5 74.
Bxd6 Kxd6 75. c7 Kxc7 1/2-1/2

[Event "Euro Online U2300 Day 1"]
[Site "chess.com INT"]
[Date "2020.05.25"]
[Round "4"]
[White "Aliyeva, Aygun"]
[Black "Thorsbro, Peter"]
[Result "0-1"]
[WhiteTitle "WFM"]
[WhiteElo "2170"]
[BlackElo "2144"]
[WhiteFideId "13400754"]
[BlackFideId "1406671"]
[EventDate "2020.05.25"]

1. d4 d5 2. Nf3 e6 3. g3 Nf6 4. Bg2 Bd6 5. b3 Ne4 6. c3 O-O 7. Bb2 Nd7 8. Nbd2
f5 9. Qc2 c6 10. c4 Qe7 11. O-O Ndf6 12. a3 Bd7 13. c5 Bc7 14. b4 Rae8 15. Ne5
Nxd2 16. Qxd2 Ne4 17. Qd3 Rf6 18. f3 Ng5 19. h4 Nf7 20. f4 Nh6 21. a4 a6 22. Bf3
Ref8 23. Bc3 Be8 24. Kh2 Nf7 25. e3 Nxe5 26. dxe5 Rh6 27. Kg2 Bh5 28. Bxh5 Rxh5
29. Qe2 Rh6 30. Bd4 Qe8 31. Rab1 Rg6 32. Rh1 Rg4 33. b5 axb5 34. axb5 Qg6 35.
Rh3 Ra8 36. Ra1 Rxa1 37. Bxa1 Qe8 38. b6 Bd8 39. Qa2 Be7 40. Bd4 h6 41. Qa7 Qc8
42. Kf2 Kh7 43. Rh1 Qf8 44. Qxb7 Bxc5 45. Qxc6 Bxd4 46. exd4 Qb4 47. Qxe6 Qxd4+
48. Kg2 Qxf4 49. Rh3 Qd2+ 50. Kg1 Qc1+ 51. Kg2 Qc2+ 52. Kf3 Rb4 53. Qxd5 Rb3+
54. Qxb3 Qxb3+ 55. Kf4 Qb4+ 56. Kxf5 Qxb6 57. Rh2 Qb1+ 58. Ke6 Qb3+ 59. Kd6 Qxg3
60. Ra2 Qd3+ 61. Ke7 Qd5 62. Re2 Qc5+ 63. Kd8 Qb6+ 64. Ke7 Qb4+ 65. Kd8 Qa5+ 66.
Ke7 Qa3+ 67. Kd8 Qd3+ 0-1

[Event "Euro Online U2300 Day 1"]
[Site "chess.com INT"]
[Date "2020.05.25"]
[Round "4"]
[White "Chernikov, Vladimir"]
[Black "Ristic, Nenad"]
[Result "0-1"]
[WhiteTitle "FM"]
[BlackTitle "GM"]
[WhiteElo "2231"]
[BlackElo "2332"]
[WhiteFideId "14112914"]
[BlackFideId "901318"]
[EventDate "2020.05.25"]

1. d4 Nf6 2. Nc3 d5 3. Bf4 Bf5 4. e3 e6 5. Nf3 Bb4 6. a3 Bxc3+ 7. bxc3 O-O 8. c4
c5 9. Bd3 Qa5+ 10. Kf1 Bxd3+ 11. Qxd3 cxd4 12. exd4 dxc4 13. Qxc4 Nbd7 14. g3
Rac8 15. Qd3 Rc3 16. Qd2 Ne4 17. Qe1 Qd5 18. Qe2 Rxf3 19. c4 Qxd4 20. Qxf3 Qxa1+
21. Kg2 Qd4 22. Rd1 Qxc4 23. Rxd7 Qc6 24. Rd4 f5 25. Be5 g5 26. g4 h5 27. gxf5
exf5 28. Qb3+ Kh7 29. Rc4 Nc5+ 30. Qf3 Qxf3+ 31. Kxf3 b6 32. a4 Rd8 33. a5 Rd3+
34. Ke2 Rd5 35. Bc7 b5 36. Rc1 g4 37. Bb6 axb6 38. axb6 Na6 39. b7 Rd7 40. Rc6
Rxb7 41. Rxa6 b4 42. Kd2 b3 43. Kc1 b2+ 44. Kb1 f4 45. Rf6 Rb4 46. Rd6 Kg7 47.
Ra6 Rb3 48. Rc6 Rh3 49. Rc4 f3 50. Kxb2 Rxh2 51. Rc2 h4 52. Kc3 g3 53. Kd3 Rxf2 0-1

[Event "Euro Online U2300 Day 1"]
[Site "chess.com INT"]
[Date "2020.05.25"]
[Round "4"]
[White "Gara, Anita"]
[Black "Skatchkov, Valery"]
[Result "0-1"]
[WhiteTitle "IM"]
[BlackTitle "FM"]
[WhiteElo "2345"]
[BlackElo "2242"]
[WhiteFideId "709751"]
[BlackFideId "24195812"]
[EventDate "2020.05.25"]

1. e4 e5 2. Nf3 Nf6 3. Nc3 Nc6 4. d4 exd4 5. Nxd4 Bb4 6. Nxc6 bxc6 7. Bd3 d5 8.
exd5 O-O 9. O-O Bg4 10. f3 Bh5 11. Bg5 cxd5 12. Ne2 Bg6 13. Bxg6 hxg6 14. c3
Bc5+ 15. Kh1 c6 16. Nd4 Qd7 17. Qd2 Rfe8 18. Rfe1 Rxe1+ 19. Rxe1 Re8 20. Rxe8+
Qxe8 21. Qe3 Qd7 22. b4 Bb6 23. Qd3 Ne8 24. a4 Nd6 25. Be3 Nc4 26. a5 Bc7 27.
Bf2 a6 28. Nb3 Bd6 29. Qd4 Qf5 30. Nd2 Be5 31. Qa7 Nxd2 32. Qxa6 Qb1+ 33. Bg1
Kh7 34. Qxc6 Qd3 35. a6 Nxf3 36. a7 Nxg1 37. a8=Q Qf1 0-1

[Event "Euro Online U2300 Day 1"]
[Site "chess.com INT"]
[Date "2020.05.25"]
[Round "4"]
[White "Haring, Viktor"]
[Black "Megalios, Konstantinos"]
[Result "1-0"]
[WhiteTitle "FM"]
[BlackTitle "IM"]
[WhiteElo "2298"]
[BlackElo "2401"]
[WhiteFideId "14919400"]
[BlackFideId "4238044"]
[EventDate "2020.05.25"]

1. e4 e5 2. Nf3 Nc6 3. Bb5 g6 4. c3 a6 5. Ba4 Bg7 6. O-O Nge7 7. d4 exd4 8. cxd4
O-O 9. Nc3 b5 10. Bb3 d6 11. h3 Na5 12. Bc2 c5 13. Bf4 cxd4 14. Nxd4 Bb7 15. Re1
Rc8 16. Rc1 Nc4 17. b3 Na3 18. Qd2 b4 19. Nce2 Nxc2 20. Rxc2 Rxc2 21. Qxc2 Qb6
22. Qd3 Rc8 23. Nf3 Rd8 24. Ned4 Nc6 25. Nxc6 Qxc6 26. e5 h6 27. exd6 g5 28. Bg3
Qc3 29. Rd1 Qxd3 30. Rxd3 f5 31. Be5 Bxf3 32. Bxg7 Be4 33. Bf6 Bxd3 34. Bxd8 Kf7
35. Ba5 Bb1 36. d7 1-0

[Event "Euro Online U2300 Day 1"]
[Site "chess.com INT"]
[Date "2020.05.25"]
[Round "4"]
[White "Vukovic, Nikola"]
[Black "Volpinari, Danilo"]
[Result "1-0"]
[BlackTitle "FM"]
[WhiteElo "2150"]
[BlackElo "1952"]
[WhiteFideId "14508907"]
[BlackFideId "11800054"]
[EventDate "2020.05.25"]

1. d4 d5 2. Nf3 Nf6 3. c4 c6 4. Nc3 dxc4 5. a4 a5 6. e4 b5 7. axb5 cxb5 8. e5 b4
9. exf6 bxc3 10. bxc3 Be6 11. fxg7 Bxg7 12. Bxc4 Bxc4 13. Qa4+ Qd7 14. Qxc4 O-O
15. O-O Rc8 16. Qb3 a4 17. Qb2 Qc6 18. Bd2 Nd7 19. Rfb1 Rcb8 20. Qa3 e5 21. dxe5
Nxe5 22. Nxe5 Bxe5 23. Rb4 Bd6 24. Rg4+ Kh8 25. Qa2 Qd7 26. h3 Re8 27. Bh6 Be5
28. Qc4 Rec8 29. Qe4 Qe6 30. Ra3 1-0

[Event "Euro Online U2300 Day 1"]
[Site "chess.com INT"]
[Date "2020.05.25"]
[Round "4"]
[White "Jafarli, Babak"]
[Black "Doric, Nenad"]
[Result "0-1"]
[BlackTitle "IM"]
[WhiteElo "2020"]
[BlackElo "2249"]
[WhiteFideId "13406019"]
[BlackFideId "14501694"]
[EventDate "2020.05.25"]

1. e4 e5 2. Nf3 Nc6 3. d4 exd4 4. Bc4 Nf6 5. e5 d5 6. Bb5 Ne4 7. Bxc6+ bxc6 8.
O-O c5 9. c3 dxc3 10. Nxc3 Nxc3 11. bxc3 Be7 12. h3 O-O 13. Bf4 Be6 14. Qd2 Rb8
15. Rad1 c6 16. Bg5 h6 17. Bxh6 gxh6 18. Qxh6 Re8 19. Rd3 Bf5 20. Re3 Bf8 21.
Qh5 Bg6 22. Qg4 Qc8 23. Qg3 Qe6 24. Nh4 Kh7 25. f4 Be4 26. Nf3 Bh6 27. Qh4 Kg8
28. Ng5 Bxg5 29. Rg3 f6 30. exf6 Qxf6 31. fxg5 Qg7 32. g6 Rb1 33. Rxb1 Bxb1 34.
Qf4 Be4 35. h4 Qf8 36. Qg5 Qe7 37. Qh6 d4 38. g7 Bh7 39. cxd4 cxd4 40. Qxc6 d3
41. h5 Rd8 42. Qc4+ Qf7 43. Qh4 Qd5 44. Rf3 d2 45. Rf8+ Rxf8 46. gxf8=Q+ Kxf8
47. Qf4+ Bf5 48. Qb8+ Kf7 49. Qxa7+ Qd7 0-1

[Event "Euro Online U2300 Day 1"]
[Site "chess.com INT"]
[Date "2020.05.25"]
[Round "4"]
[White "Zverev, Lev"]
[Black "Pauly, Carlo"]
[Result "1-0"]
[WhiteTitle "CM"]
[BlackTitle "FM"]
[WhiteElo "2087"]
[BlackElo "2277"]
[WhiteFideId "24250775"]
[BlackFideId "24673269"]
[EventDate "2020.05.25"]

1. e4 c5 2. Nf3 d6 3. d4 cxd4 4. Nxd4 Nf6 5. Nc3 a6 6. Bg5 Nbd7 7. f4 Qa5 8. Qd2
h6 9. Bxf6 Nxf6 10. O-O-O e6 11. Kb1 Bd7 12. Nb3 Qc7 13. Bd3 Be7 14. Qe2 e5 15.
fxe5 dxe5 16. Nd5 Nxd5 17. exd5 O-O 18. g4 a5 19. h4 a4 20. Nd2 a3 21. Nc4 Qc5
22. Qxe5 axb2 23. d6 Qa7 24. a3 Bf6 25. Qe4 g6 26. h5 Rae8 27. Qf3 Bg7 28. hxg6
fxg6 29. Qd5+ Be6 30. Qa5 Qxa5 31. Nxa5 Ra8 32. Bc4 Rxa5 33. Bxe6+ Kh7 34. Rh3
Rfa8 35. d7 Bf6 36. Rf1 Bg7 37. Rd1 Bf6 38. Ba2 Rd8 39. Rf3 Kg7 40. Rd6 Bg5 41.
Rf7+ Kh8 42. Re6 Raa8 43. Rxg6 Rf8 44. Rxf8+ Rxf8 45. Kxb2 Kh7 46. Re6 Rd8 47.
Rd6 Be7 48. Rd3 Kg7 49. Be6 Kf6 50. Bf5 h5 51. Re3 h4 52. Re6+ Kf7 53. Rh6 Bf6+
54. Kb3 Ke7 55. Kc4 Rh8 56. Rxh8 Bxh8 57. g5 Be5 58. Kb5 Bc7 59. a4 Kd6 60. g6
Ke7 61. a5 Kf6 62. Be4 Ke7 63. Bxb7 Kxd7 1-0

[Event "Euro Online U2300 Day 1"]
[Site "chess.com INT"]
[Date "2020.05.25"]
[Round "4"]
[White "Trickov, Vasil"]
[Black "Eynullayev, Altay"]
[Result "1-0"]
[WhiteTitle "IM"]
[BlackTitle "FM"]
[WhiteElo "2319"]
[BlackElo "2227"]
[WhiteFideId "311103"]
[BlackFideId "13413562"]
[EventDate "2020.05.25"]

1. d4 Nf6 2. Nf3 g6 3. c4 Bg7 4. g3 O-O 5. Bg2 d5 6. O-O dxc4 7. Na3 c3 8. bxc3
c5 9. Nc4 Nc6 10. Nfe5 Nxe5 11. Nxe5 Nd5 12. Bd2 cxd4 13. cxd4 Be6 14. Rb1 Rb8
15. e4 Nb6 16. Bf4 Rc8 17. d5 Bd7 18. Nxd7 Qxd7 19. Qb3 Rc3 20. Qb5 Qxb5 21.
Rxb5 Rfc8 22. a4 R8c5 23. Rfb1 Rxb5 24. Rxb5 e5 25. dxe6 fxe6 26. Bh3 Rc6 27. a5
Nc4 28. Rxb7 Bd4 29. Bh6 Nxa5 30. Re7 Bc5 31. Bxe6+ Rxe6 32. Rxe6 Nb3 33. Re8+
Kf7 34. Rb8 Nd4 35. Rb7+ Ke6 36. Rxh7 a5 37. Rg7 a4 38. Rxg6+ Ke5 39. Rg5+ 1-0

[Event "Euro Online U2300 Day 1"]
[Site "chess.com INT"]
[Date "2020.05.25"]
[Round "4"]
[White "Ponce Cano, Adrian"]
[Black "Rogule, Laura"]
[Result "1-0"]
[WhiteTitle "FM"]
[BlackTitle "WGM"]
[WhiteElo "2169"]
[BlackElo "2297"]
[WhiteFideId "22296913"]
[BlackFideId "11601876"]
[EventDate "2020.05.25"]

1. e4 c5 2. Nf3 Nc6 3. c3 Nf6 4. d3 g6 5. g3 Bg7 6. Bg2 O-O 7. O-O e5 8. Re1 d6
9. h3 Nh5 10. Bg5 f6 11. Be3 Qe7 12. Nbd2 Be6 13. d4 Bf7 14. d5 Nd8 15. Nf1 f5
16. exf5 gxf5 17. Bg5 Qd7 18. Nh4 h6 19. Bd2 f4 20. c4 Bf6 21. Nf3 Bg6 22. g4
Ng7 23. N3h2 Nf7 24. Bc3 Rae8 25. Nd2 Ng5 26. Nhf3 Nxf3+ 27. Bxf3 Bh4 28. Ne4
Kh7 29. Rb1 Rg8 30. Kh2 Ref8 31. b4 b6 32. a4 Ne8 33. a5 Nf6 34. Nxf6+ Rxf6 35.
Rb2 Rf7 36. axb6 axb6 37. bxc5 bxc5 38. Qe2 Ra8 39. Be4 Ra3 40. Bxg6+ Kxg6 41.
Qd3+ Kg5 42. Rb6 Bxf2 43. Rxe5+ Kf6 44. Re6+ Kg5 45. Qg6+ Kh4 46. Qh5# 1-0

[Event "Euro Online U2300 Day 1"]
[Site "chess.com INT"]
[Date "2020.05.25"]
[Round "4"]
[White "Morozov, Ivan"]
[Black "Kukucka, Matej"]
[Result "1-0"]
[WhiteElo "2069"]
[BlackElo "2107"]
[WhiteFideId "54158931"]
[BlackFideId "14917270"]
[EventDate "2020.05.25"]

1. d4 Nf6 2. Nf3 g6 3. c4 Bg7 4. Nc3 d5 5. cxd5 Nxd5 6. e4 Nxc3 7. bxc3 c5 8.
Be2 Nc6 9. O-O cxd4 10. cxd4 Bg4 11. Bb2 Bxf3 12. Bxf3 Bxd4 13. Qb3 Qb6 14. Bxd4
Nxd4 15. Qa4+ Nc6 16. Rab1 Qc7 17. e5 O-O 18. e6 fxe6 19. Rfc1 Rac8 20. Bg4 Rf6
21. Qe4 Rcf8 22. Bxe6+ Kg7 23. f3 Qd6 24. Bd5 Rf4 25. Qe6 Qxe6 26. Bxe6 Nd4 27.
Bc4 b6 28. Bd3 R8f7 29. Kf2 Nxf3 30. gxf3 Rxf3+ 31. Ke2 Rf2+ 32. Ke3 Rxh2 33. a4
Rh3+ 34. Ke4 Rff3 35. Bb5 Re3+ 36. Kd5 h5 37. Rc7 h4 38. Rxa7 Rh2 39. Kd4 Re6
40. Bc4 Rd6+ 41. Ke3 Rh3+ 42. Ke2 Rh2+ 43. Kf3 Kf6 44. Re1 Rd4 45. Bb5 Rh3+ 46.
Ke2 Re4+ 47. Kd1 Rxe1+ 48. Kxe1 e5 49. Rb7 Kf5 50. Bd7+ Kf4 51. Bxh3 g5 52. Rxb6
g4 53. Bxg4 Kxg4 54. a5 Kh3 55. a6 e4 56. a7 e3 57. a8=Q e2 58. Qf3+ Kh2 59. Rg6
h3 60. Qg3+ Kh1 61. Qg1# 1-0

[Event "Euro Online U2300 Day 1"]
[Site "chess.com INT"]
[Date "2020.05.25"]
[Round "4"]
[White "Hofer, Maximilian"]
[Black "Kopsa, Petri"]
[Result "1-0"]
[WhiteElo "2108"]
[BlackElo "2048"]
[WhiteFideId "1625560"]
[BlackFideId "1706594"]
[EventDate "2020.05.25"]

1. e4 c5 2. Nf3 d6 3. d4 cxd4 4. Nxd4 Nf6 5. Nc3 a6 6. Be2 e5 7. Nb3 Be7 8. O-O
O-O 9. f4 Qc7 10. f5 b5 11. Bg5 Nbd7 12. a3 Bb7 13. Bf3 Rfe8 14. Qd2 Rac8 15.
Rad1 Nb6 16. Na5 Ba8 17. Bxf6 Bxf6 18. Qxd6 Qa7 19. Kh1 Red8 20. Qb4 Be7 21. Qb3
Qc7 22. Bh5 Bc5 23. f6 g6 24. Bg4 Rb8 25. Qa2 Bd4 26. Qa1 Bxc3 27. bxc3 Bxe4 28.
Qc1 Qc5 29. Rde1 Ba8 30. Nb3 Qd6 31. Rd1 1-0

[Event "Euro Online U2300 Day 1"]
[Site "chess.com INT"]
[Date "2020.05.25"]
[Round "4"]
[White "Abdullayev, Azer"]
[Black "Arias Igual, Alejandro"]
[Result "1-0"]
[BlackTitle "FM"]
[WhiteElo "2039"]
[BlackElo "2214"]
[WhiteFideId "13403400"]
[BlackFideId "2254905"]
[EventDate "2020.05.25"]

1. d4 Nf6 2. c4 g6 3. Nc3 Bg7 4. e4 d6 5. Be2 O-O 6. Nf3 Bg4 7. Be3 Nfd7 8. Ng1
Bxe2 9. Ngxe2 e5 10. O-O Nc6 11. d5 Ne7 12. b4 f5 13. f3 b6 14. Na4 Nf6 15. Qd3
Qd7 16. Nec3 f4 17. Bf2 g5 18. c5 g4 19. Rac1 Ng6 20. Qb5 Qe7 21. Rc2 g3 22.
hxg3 fxg3 23. Bxg3 Nh5 24. Bh2 Bh6 25. g3 Be3+ 26. Kh1 Qg5 27. Rg2 Bd4 28. Ne2
Qe3 29. Nxd4 exd4 30. Qe2 Qa3 31. Nb2 bxc5 32. bxc5 dxc5 33. Nc4 Qa4 34. f4 Nf6
35. e5 Nxd5 36. f5 Nxe5 37. Nxe5 Ne3 38. f6 Nxf1 39. Qg4+ Kh8 40. Qg7# 1-0

[Event "Euro Online U2300 Day 1"]
[Site "chess.com INT"]
[Date "2020.05.25"]
[Round "4"]
[White "Giannoulakis, Lampros"]
[Black "Berkovich, Mark A"]
[Result "1-0"]
[WhiteTitle "FM"]
[BlackTitle "IM"]
[WhiteElo "2293"]
[BlackElo "2326"]
[WhiteFideId "4247019"]
[BlackFideId "2801639"]
[EventDate "2020.05.25"]

1. d4 Nf6 2. c4 e6 3. Nc3 Bb4 4. e3 O-O 5. Bd3 d5 6. a3 dxc4 7. Bxc4 Bd6 8. Nf3
Nc6 9. Nb5 e5 10. dxe5 Bxe5 11. Qxd8 Rxd8 12. Ng5 Rd7 13. f4 Bd6 14. b4 Bf8 15.
Bb2 a6 16. Nd4 h6 17. Nxc6 hxg5 18. Ne5 Re7 19. fxg5 Ng4 20. Nxg4 Bxg4 21. O-O
Be6 22. Rac1 c6 23. Bd4 Bxc4 24. Rxc4 Rd7 25. Rf5 Rad8 26. h4 Rd5 27. Rxd5 Rxd5
28. Kf2 a5 29. e4 Rb5 30. Bc3 axb4 31. axb4 Bd6 32. Kf3 Kf8 33. Kg4 g6 34. Kf3
Ke7 35. g4 Ke6 36. Bd2 Be7 37. Ke2 Kd7 38. Kd3 Ke6 39. Rd4 c5 40. Rd5 Rb6 41.
bxc5 Rb3+ 42. Bc3 Rb1 43. Re5+ Kd7 44. h5 Rh1 45. h6 Rh3+ 46. Kc4 f6 47. Rd5+
Ke6 48. gxf6 1-0

[Event "Euro Online U2300 Day 1"]
[Site "chess.com INT"]
[Date "2020.05.25"]
[Round "4"]
[White "Ghimpu, Samuel-Timotei"]
[Black "Rajkovic, Dusan"]
[Result "1/2-1/2"]
[WhiteTitle "FM"]
[BlackTitle "GM"]
[WhiteElo "2302"]
[BlackElo "2267"]
[WhiteFideId "1238175"]
[BlackFideId "900265"]
[EventDate "2020.05.25"]

1. e4 c5 2. Nf3 g6 3. d4 cxd4 4. Nxd4 Nc6 5. Nc3 Bg7 6. Be3 Nf6 7. Bc4 Qa5 8.
O-O d6 9. f3 O-O 10. Bb3 Nxd4 11. Bxd4 Be6 12. Qe2 Rac8 13. Rfe1 Nd7 14. Bxg7
Kxg7 15. Rad1 Qc5+ 16. Kh1 Bc4 17. Qd2 b5 18. f4 Rfd8 19. Nd5 Bxd5 20. exd5 Re8
21. Re3 Nf6 22. Rde1 Rc7 23. Rg3 Qb6 24. f5 a5 25. a4 Rh8 26. axb5 Qxb5 27. Qd4
Qb4 28. Qxb4 axb4 29. fxg6 hxg6 30. Rge3 Kf8 31. h3 Rh5 32. Rd1 Rc5 33. Rd4 Nxd5
34. Bxd5 Rhxd5 35. Rxb4 Rxc2 36. Rb8+ Kg7 37. Rxe7 Rd1+ 38. Kh2 Rdd2 39. Rbb7
Rxg2+ 40. Kh1 Rgf2 41. Kg1 Rf3 42. h4 Rf4 43. b4 Rcc4 44. b5 Rc5 45. b6 Rcf5 46.
Rbd7 Rxh4 47. Kg2 Rb4 48. b7 Rg4+ 49. Kh3 Rb4 50. Rxd6 Kh6 51. Rdd7 f6 52. Rh7+
Kg5 53. Rd3 Rfb5 54. Rg3+ Kf5 55. Rh6 Rb3 56. Rxg6 Rxg3+ 57. Rxg3 Rxb7 58. Kg2
Rb2+ 59. Kf1 Ke4 60. Ra3 f5 61. Ra4+ Kf3 62. Ra3+ Kf4 63. Ra4+ Kg3 64. Ra3+ Kg4
65. Ra4+ f4 66. Ra3 Rb8 67. Kf2 Rh8 68. Kg2 Rb8 69. Kf2 Rb2+ 70. Kf1 Rh2 71. Kg1
Re2 72. Kf1 Re4 73. Kf2 Rd4 74. Kg2 Rd2+ 75. Kf1 Kf5 76. Ra5+ Ke4 77. Ra4+ Ke3
78. Ra3+ Rd3 79. Rxd3+ Kxd3 80. Kf2 Kc2 81. Kf3 Kb1 82. Kxf4 1/2-1/2

[Event "Euro Online U2300 Day 1"]
[Site "chess.com INT"]
[Date "2020.05.25"]
[Round "4"]
[White "Gitu, Paula-Alexandra"]
[Black "Padalka, Artem"]
[Result "1-0"]
[WhiteTitle "WFM"]
[WhiteElo "2113"]
[BlackElo "2203"]
[WhiteFideId "13904620"]
[BlackFideId "14118637"]
[EventDate "2020.05.25"]

1. e4 g6 2. d4 Bg7 3. Nc3 d6 4. Be3 c6 5. a4 Nd7 6. f3 Ngf6 7. Bc4 d5 8. Bb3
dxe4 9. fxe4 e5 10. Nf3 exd4 11. Bxd4 c5 12. Be3 O-O 13. O-O Qe7 14. Bg5 c4 15.
Ba2 Qc5+ 16. Kh1 Ng4 17. Qe2 h6 18. Bd2 Nde5 19. h3 Nxf3 20. Rxf3 Ne5 21. Rf2
Be6 22. Be3 Qb4 23. Bd4 Rfd8 24. Nb5 Rxd4 25. Nxd4 Qxb2 26. Rd1 Qxa2 27. Nxe6
fxe6 28. Rd6 Qxa4 29. Qd2 Qe8 30. Qa5 b6 31. Qa6 Bf8 32. Rd1 Qc6 33. Re2 Bg7 34.
Qa3 Bf8 35. Qg3 Qc5 36. Red2 Bg7 37. Qh4 Kh7 38. Rd6 a5 39. Rxe6 Ra7 40. Qd8 a4
41. Rxb6 a3 42. Rb8 g5 43. Rd6 Nf7 44. Qg8# 1-0

[Event "Euro Online U2300 Day 1"]
[Site "chess.com INT"]
[Date "2020.05.25"]
[Round "4"]
[White "Berke, Ana"]
[Black "Ptacnikova, Lenka"]
[Result "1/2-1/2"]
[WhiteTitle "WIM"]
[BlackTitle "WGM"]
[WhiteElo "2090"]
[BlackElo "2111"]
[WhiteFideId "14510359"]
[BlackFideId "305650"]
[EventDate "2020.05.25"]

1. e4 c5 2. Nf3 e6 3. c4 g6 4. d4 cxd4 5. Qxd4 Nf6 6. e5 Nc6 7. Qd1 Ng4 8. Bf4
Bg7 9. Qe2 Qc7 10. Nc3 Ngxe5 11. Nb5 Qb8 12. Nxe5 Nxe5 13. g3 a6 14. Nd4 O-O 15.
Bg2 d6 16. O-O Bd7 17. Rad1 Qc7 18. b3 Rac8 19. Rd2 h6 20. h4 Rfd8 21. Rfd1 Be8
22. Nc2 b5 23. cxb5 Bxb5 24. Qe3 Kh7 25. Nd4 Be8 26. Be4 Qc3 27. Qe2 d5 28. Bb1
Nc6 29. Nxc6 Bxc6 30. h5 e5 31. hxg6+ fxg6 32. Rd3 Qc5 33. Bxe5 Re8 34. Re3 Bb5
35. Qh5 Qb6 36. Bxg7 Kxg7 37. Qf3 Rxe3 38. Qxe3 Qxe3 39. fxe3 Be2 40. Rxd5 Rc1+
41. Kf2 Rxb1 42. Kxe2 Rb2+ 43. Rd2 Rxd2+ 44. Kxd2 Kf6 45. b4 Ke5 46. Kd3 h5 47.
a4 g5 48. Ke2 Kd5 49. Kd3 h4 50. gxh4 gxh4 51. Ke2 Kc4 52. Kf3 Kxb4 53. Kg4 Kxa4
54. Kxh4 Kb5 55. Kg5 Kc5 56. e4 a5 57. e5 a4 58. e6 Kd6 59. Kf6 a3 60. e7 a2 61.
e8=Q a1=Q+ 62. Kf7 Qf1+ 63. Kg8 Qg2+ 64. Kf8 Qf3+ 65. Qf7 Qxf7+ 66. Kxf7 1/2-1/2

[Event "Euro Online U2300 Day 1"]
[Site "chess.com INT"]
[Date "2020.05.25"]
[Round "4"]
[White "Eigminas, Kipras"]
[Black "Bulau, Andrei-Cristian"]
[Result "1-0"]
[WhiteElo "2116"]
[BlackElo "2199"]
[WhiteFideId "12808423"]
[BlackFideId "1237691"]
[EventDate "2020.05.25"]

1. e4 c5 2. Nf3 Nc6 3. d4 cxd4 4. Nxd4 Nf6 5. Nc3 e5 6. Ndb5 d6 7. Nd5 Nxd5 8.
exd5 Nb8 9. a4 Be7 10. Be2 O-O 11. O-O a6 12. Na3 f5 13. f4 Bf6 14. Nc4 Nd7 15.
Kh1 Qc7 16. a5 b5 17. axb6 Nxb6 18. fxe5 Nxc4 19. exf6 Rxf6 20. Qd4 Ne5 21. c4
Bb7 22. b4 Rc8 23. Bg5 Rg6 24. Rxf5 Nxc4 25. Rc1 Qd7 26. Bg4 Ne5 27. Rf8+ Kxf8
28. Bxd7 Rxc1+ 29. Bxc1 Nxd7 30. Bf4 Ke7 31. Kg1 Kd8 32. g3 Kc7 33. Qc4+ Kb8 34.
h4 Nb6 35. Qe4 Nxd5 36. Qe8+ Ka7 37. Bg5 Nc7 38. Be3# 1-0

[Event "Euro Online U2300 Day 1"]
[Site "chess.com INT"]
[Date "2020.05.25"]
[Round "4"]
[White "Mesnyankin, Nikita"]
[Black "Krivenko, Sergey"]
[Result "0-1"]
[WhiteElo "2176"]
[BlackElo "2279"]
[WhiteFideId "24175935"]
[BlackFideId "24124753"]
[EventDate "2020.05.25"]

1. e4 e6 2. d4 d5 3. Nc3 Bb4 4. e5 Ne7 5. a3 Bxc3+ 6. bxc3 b6 7. Qg4 Ng6 8. Bd3
Ba6 9. Nf3 Bxd3 10. cxd3 Qd7 11. a4 c5 12. dxc5 bxc5 13. O-O O-O 14. h4 f6 15.
exf6 Rxf6 16. h5 Nf8 17. Bg5 Rf5 18. h6 Nc6 19. d4 Ng6 20. hxg7 Qxg7 21. Rfe1
Nf4 22. Qh4 Raf8 23. Qg3 Nh5 24. Bh6 Nxg3 25. Bxg7 Kxg7 26. fxg3 cxd4 27. Rxe6
R5f6 28. Rxf6 Rxf6 29. cxd4 Na5 30. Rb1 Rb6 31. Re1 Nc6 32. Re6 Kg8 33. Rd6 Ne7
34. Rd7 Nf5 35. Rxd5 Ne3 36. Rd8+ Kg7 37. Rd7+ Kf6 38. Rxa7 Ng4 39. Kf1 Rb2 0-1

[Event "Euro Online U2300 Day 1"]
[Site "chess.com INT"]
[Date "2020.05.25"]
[Round "4"]
[White "Chertkov, Maksim"]
[Black "Trokhymyshyn, Sergii"]
[Result "0-1"]
[WhiteElo "1972"]
[BlackElo "2157"]
[WhiteFideId "54145481"]
[BlackFideId "14135604"]
[EventDate "2020.05.25"]

1. e4 e5 2. Nf3 Nc6 3. Bb5 a6 4. Ba4 d6 5. O-O Bg4 6. c4 Ne7 7. Qb3 b6 8. d4
exd4 9. Nxd4 Bd7 10. Nxc6 Nxc6 11. Qc3 Qe7 12. Be3 Rg8 13. Qd2 Qe5 14. Nc3 O-O-O
15. Bf4 Qh5 16. Nd5 Ne7 17. Bxd7+ Rxd7 18. Be3 Nc6 19. Bxb6 cxb6 20. Nxb6+ Kc7
21. Nxd7 Kxd7 22. b4 Be7 23. c5 Rd8 24. cxd6 Bxd6 25. g3 Ne5 26. f4 Ke7 27. Kh1
Ng4 28. Qe2 Bxb4 29. h4 Rd2 30. Qxa6 Rh2+ 31. Kg1 Qc5+ 32. Rf2 Qxf2# 0-1